Movies by Death Scene II Quiz Stats

 Plays Quiz Updated Nov 12, 2018

     
Support Sporcle.
Go Orange.
Score 0/25 Timer 07:00
4 Plays Today
Column Movie % Correct
Pulp Fiction
89.2%
Finding Nemo
88.8%
The Green Mile
88.8%
Jaws
86.7%
Batman
85%
The Hunger Games
78%
The Wizard of Oz
68.5%
Se7en
65.6%
The Princess Bride
61.4%
Fargo
60.5%
Harry Potter and the Deathly Hallows Pt. 2
55.9%
Kill Bill Vol. 2
54.9%
Million Dollar Baby
54.6%
Column Movie % Correct
Raiders of the Lost Ark
50.9%
Lord of the Rings: The Fellowship of the Ring
50.4%
Ghost
49%
Zombieland
47.5%
Weekend at Bernie's
42.4%
Old School
41.6%
Carrie
40.9%
Dr. Strangelove
30.9%
Scream
25.8%
There Will Be Blood
21.3%
Interview with the Vampire
15.9%
Serenity
5%

From the Vault

Simpsons Movie Parodies

by Chicken_Dipper

Hey, it's hard coming up with 27 seasons of original content.
Remove Ads.
Support Sporcle.
Get the best of Sporcle when you Go Orange. This ad-free experience offers more features, more stats, and more fun while also helping to support Sporcle. Thank you for becoming a member.

Show Comments

Extras

Top Quizzes Today


Score Distribution

Your Account Isn't Verified!

In order to create a playlist on Sporcle, you need to verify the email address you used during registration. Go to your Sporcle Settings to finish the process.

Report this User

Report this user for behavior that violates our Community Guidelines.

Details: